| 000 | 00424nam a2200157Ia 4500 | ||
|---|---|---|---|
| 003 | GCL | ||
| 008 | 140319s9999 xx 000 0 eng d | ||
| 040 |
_aGCL / _cGCL |
||
| 082 | 0 | 4 |
_a338.6 _bCE |
| 100 | 1 | _aMCGUINNESS TONY | |
| 245 | 1 | 0 |
_aTHE ECONOMICSD OF THE FIRM / _cMCGUINNESS TONY |
| 700 | 1 | _aPOMFRET, RICHARD | |
| 700 | 1 | _aMANAGERIAL ECONAMIS | |
| 260 |
_a[S.N] : _bBasil Block Well Ltd ، _c1993 |
||
| 300 | _a190 PP. | ||
| 999 |
_c25602 _d25602 |
||